000 004950000a22001930004500
001 002721
003 MACL
005 20150903134505.0
008 150903b xxu||||| |||| 00| 0 eng d
040 _aMACL
_cMACL
041 _aEnglish
082 _a820/BAN
100 _aBandopadhyay, Haradhan
_98900
245 _aFrom The Spring Of Light
_cHaradhan Bandopadhyay
260 _aKolkata
_c2006
_bBhashabandhan Prakashani,
350 _a80
650 _aLiterature
_98901
942 _k820
_cBK
_2ddc
999 _c14630
_d14630